LEADER 01022nam0 22002411i 450 001 UON00199463 005 20231205103246.463 100 $a20030730d1966 |0itac50 ba 101 $aita 102 $aIT 105 $a|||| ||||| 200 1 $aPositivismo giuridico e scienza del diritto penale$eAspetti teorici e ideologici dello sviluppo della scienza penalistica tedesca dall'inizio del sec. al 1933$fAlessandro Baratta 210 $aMilano$cGiuffrè$d1966. 134 p. ; 25 cm. 606 $aDiritto penale$3UONC034984$2FI 620 $aIT$dMilano$3UONL000005 700 1$aBaratta$bAlessandro$3UONV106457$00 712 $aGiuffrè$3UONV257275$4650 801 $aIT$bSOL$c20250919$gRICA 899 $aSIBA - SISTEMA BIBLIOTECARIO DI ATENEO$2UONSI 912 $aUON00199463 950 $aSIBA - SISTEMA BIBLIOTECARIO DI ATENEO$dSI PEN B 0047 $eSI SC 415 5 0047 996 $aPositivismo giuridico e scienza del diritto penale$9865767 997 $aUNIOR LEADER 00818oam 2200229z- 450 001 9910146208703321 005 20200323121740.0 035 $a(CKB)1000000000279718 035 $a(EXLCZ)991000000000279718 100 $a20180430c1999uuuu -u- - 101 0 $aita 200 00$aGiacomo Leopardi $epoeta e filosofo : atti del convegno dell'Istituto italiano di cultura, New York, 31 marzo-1 aprile 1998 /$fprefazione di Gioacchino Lanza Tomasi ; a cura di Alessandro Carrera 210 $aFirenze $cEdizioni Cadmo$d1999 311 $a88-7923-197-9 676 $a851/.7 701 $aCarrera$b Alessandro$0559075 701 $aLanza Tomasi$b Gioacchino$036819 712 02$aItalian Cultural Institute (New York, N.Y.) 906 $aBOOK 912 $a9910146208703321 996 $aGiacomo Leopardi$92850977 997 $aUNINA